Design of reinforced concrete structures (Record no. 9801)

000 -LEADER
fixed length control field 00352nam a2200145Ia 4500
003 - CONTROL NUMBER IDENTIFIER
control field OSt
005 - DATE AND TIME OF LATEST TRANSACTION
control field 20220303122453.0
008 - FIXED-LENGTH DATA ELEMENTS--GENERAL INFORMATION
fixed length control field 220303b ||||| |||| 00| 0 eng d
020 ## - INTERNATIONAL STANDARD BOOK NUMBER
International Standard Book Number 9789386479785
082 ## - DEWEY DECIMAL CLASSIFICATION NUMBER
Classification number 624.18341
Item number DAY
100 ## - MAIN ENTRY--PERSONAL NAME
Personal name Dayaratnam and sarah P
245 #0 - TITLE STATEMENT
Title Design of reinforced concrete structures
260 ## - PUBLICATION, DISTRIBUTION, ETC. (IMPRINT)
Name of publisher, distributor, etc Medtech
942 ## - ADDED ENTRY ELEMENTS (KOHA)
Source of classification or shelving scheme
Holdings
Withdrawn status Lost status Source of classification or shelving scheme Damaged status Koha normalized classification for sorting Not for loan Permanent location Current location Date acquired Source of acquisition Cost, normal purchase price Full call number Barcode Date last seen Cost, replacement price Price effective from Koha item type
        624_183410000000000_DAY   BMS College of Architecture, Design and Planning BMS College of Architecture, Design and Planning 2022-03-03 4 446.25 624.18341 DAY AR-UG2384 2022-03-03 595.00 2022-03-03 UG Books
Copyright © 2025, The Librarian, Library and Information Centre, BMSCA D&P, Bengaluru. All Rights Reserved
web counter

Powered by Koha